Michael E. Porter: konkurenční výhoda

Publikácia Michaela E. Portera - Konkurenčná stratégia (Competitive strategy), ktorá vyšla na začiatku 80. rokov. Stratégie ako dosiahnuť konkurenčné výhody. Hľadanie konkurenčnej výhody. Konkurenčné výhody v období neistoty. Technológie a konkurenčná výhoda.

Na minha lista:
Detalhes bibliográficos
Autor principal: Kapoun, Jan
Formato: Capítulo de Livro
Idioma:tcheco
Assuntos:
Tags: Adicionar Tag
Sem tags, seja o primeiro a adicionar uma tag!

MARC

LEADER 00000naa$a2200000$$$4500
001 0119160
005 20231213140032.5
041 0 |a cze 
044 |a CZ 
245 1 0 |a Michael E. Porter: konkurenční výhoda  |c Jan Kapoun 
520 |a Publikácia Michaela E. Portera - Konkurenčná stratégia (Competitive strategy), ktorá vyšla na začiatku 80. rokov. Stratégie ako dosiahnuť konkurenčné výhody. Hľadanie konkurenčnej výhody. Konkurenčné výhody v období neistoty. Technológie a konkurenčná výhoda. 
610 2 0 |a konkurencia 
610 2 0 |a konkurencieschopnosť 
610 2 0 |a výhody konkurenčné 
610 2 0 |a náklady 
610 2 0 |a stratégia podniková 
610 2 0 |a technológie nové 
100 1 |a Kapoun, Jan